|
|
|
|
| LEADER |
01134nam a2200241 a 4500 |
| 003 |
GR-PaULI |
| 005 |
20240424174813.0 |
| 008 |
191031s1998 gr a f |||| 000 0 gre d |
| 952 |
|
|
|0 0
|1 0
|2 ddc
|4 0
|6 889_134000000000000_ΚΑΤ
|7 0
|9 236654
|a LISA
|b LISA
|c BSC
|d 2019-10-31
|i 5515
|l 0
|o 889.134 ΚΑΤ
|p 025000265732
|r 2019-10-31 00:00:00
|t 1
|w 2019-10-31
|y BK15
|
| 999 |
|
|
|c 143195
|d 143195
|
| 020 |
|
|
|a 9607825012
|
| 040 |
|
|
|a GR-PaULI
|b gre
|c GR-PaULI
|d GR-AiPI
|e AACR2
|
| 082 |
0 |
4 |
|a 889.134
|2 23
|
| 100 |
1 |
|
|9 135209
|a Κατσαρός, Μιχάλης,
|d 1919-1998
|e συγγραφέας.
|
| 245 |
1 |
0 |
|a Κατά Σαδδουκαίων /
|c Μιχάλης Κατσαρός.
|p επτά χαρακτικά Γιάννης Στεφανάκις.
|
| 260 |
|
|
|a Αθήνα :
|b Χειροκίνητο,
|c 1998.
|
| 300 |
|
|
|a 47, [4] σ. :
|b εικ. ;
|c 29 εκ.
|
| 650 |
|
4 |
|9 2593
|a Νεοελληνική ποίηση
|
| 650 |
|
0 |
|a Ελληνική ποίηση
|9 9255
|
| 650 |
|
4 |
|9 53302
|a Ποιητές, Έλληνες
|
| 700 |
1 |
|
|9 156737
|a Στεφανάκις, Γιάννης Δ.,
|d 1951-
|e χαράκτης.
|
| 942 |
|
|
|2 ddc
|c BK15
|
| 998 |
|
|
|c ΜΙΧΟΣΤΑΥΡΟΥ
|d 2019-10
|